Normal view
MARC view
Entry Personal Name
001 - CONTROL NUMBER
- control field: 240056
003 - CONTROL NUMBER IDENTIFIER
- control field: OSt
005 - DATE AND TIME OF LATEST TRANSACTION
- control field: 20250923104547.0
008 - FIXED-LENGTH DATA ELEMENTS
- fixed length control field: 250923|| aca||aabn | a|a d
040 ## - CATALOGING SOURCE
- Original cataloging agency: OSt
- Transcribing agency: OSt
100 ## - HEADING--PERSONAL NAME
- Personal name: EKANANDA MASTAR (K)
- Dates associated with a name: ಏಕಾನಂದ ಮಾಸ್ತರ್ (ಕೆ)
670 ## - SOURCE DATA FOUND
- Source citation: Work cat.: (OSt)214773: EKANANDA MASTAR (K) ಏಕಾನಂದ ಮಾಸ್ತರ್ (ಕೆ), Shala makkaligagi rachisida samajika, aitihasika mattu pauranika kannada natakagalu, 2001